Statistics for The Winner Takes It All - ABBA (All Lyrics)

Click here to take the quiz!

General Stats

  • This quiz has been taken 536 times
    (487 since last reset)
  • The average score is 226 of 315

Answer Stats

The Winner Takes It All% Correct
Verse 1 | Verse 2 | Verse 4I
100%
A
99%
a
99%
it
99%
the
99%
ChorusThe
99%
when
99%
all
98%
Takes
98%
takes
98%
winner
98%
loser
94%
to
91%
don't
89%
be
88%
me
88%
you
88%
You
88%
you?
88%
no
87%
talk
87%
wanna
87%
We
87%
About
84%
thing
84%
my
83%
play
83%
gone
82%
It's
82%
it's
82%
small
82%
standing
82%
and
81%
And
81%
things
81%
through
80%
we've
80%
does
77%
Does
77%
he
77%
now
77%
more
76%
victory
76%
your
76%
in
75%
cards
74%
Has
74%
has
74%
history
74%
I've
74%
played
74%
that's
74%
That's
74%
what
74%
fall
72%
hurting
72%
by
71%
there
71%
was
71%
you've
71%
Beside
70%
say?
70%
say
70%
so
70%
OutroSo
70%
too
70%
But
69%
done
69%
her
69%
Though
69%
ace
67%
destiny
67%
feel
67%
Nothing
65%
Thinking
65%
rules
64%
Rules
64%
arms
62%
building
61%
Building
61%
loser's
61%
belonged
60%
fool
60%
she
60%
home
59%
Like
59%
I'd
58%
kiss
58%
playing
58%
as
57%
fence
57%
same
57%
strong
57%
Why
57%
tell
56%
used
56%
dice
55%
gods
55%
made
55%
name?
55%
sense
55%
calls
54%
can
54%
Cold
54%
cold
54%
complain
54%
complain?
54%
here
54%
ice
54%
way
54%
Way
54%
should
53%
simple
53%
someone
53%
Someone
53%
Their
53%
Throw
53%
throw
53%
figured
52%
dear
51%
game
51%
know
51%
minds
51%
must
51%
down
49%
Loses
49%
may
49%
plain
49%
is
48%
makes
47%
If
46%
sad
45%
will
45%
On
44%
on
44%
see
44%
miss
43%
obeyed
43%
Of
43%
of
43%
inside
42%
or
42%
Or
42%
come
40%
decide
40%
deep
40%
lover
40%
hand
39%
judges
39%
Somewhere
39%
friend
38%
shake
38%
bad
37%
big
37%
Big
37%
again
36%
understand
35%
Always
34%
apologise
34%
confidence
33%
likes
33%
Seeing
32%
self
32%
abide
31%
tense
31%
show
30%
Spectators
30%
staying
29%
Staying
29%
low
27%
They
20%

Score Distribution

Percentile by Number Answered

Percent of People with Each Score

Your Score History

You have not taken this quiz since the last reset